Countries Without Concave Angles #1 - Statistics

General Stats
  • This quiz has been taken 15 times
  • The average score is 5 of 12
Answer Stats
Picture Answer % Correct
Egypt
92%
Madagascar
92%
Chile
85%
Iran
62%
United States
62%
Kenya
54%
Australia
31%
Somalia
15%
China
8%
Mexico
8%
Philippines
8%
Colombia
0%
No matching quizzes found
Score Distribution
Percent of People with Each Score
Percentile by Number Answered
Your Score History
You have not taken this quiz